Mexico's energy resources : (Record no. 5079)
[ view plain ]
| 000 -LEADER | |
|---|---|
| fixed length control field | 01083nam a2200337 4500 |
| 001 - CONTROL NUMBER | |
| JCCL Control Number | 5079 |
| 003 - CONTROL NUMBER IDENTIFIER | |
| JCCL marc code | BD-JhCC |
| 005 - DATE AND TIME OF LATEST TRANSACTION | |
| control field | 20171209132137.0 |
| 008 - FIXED-LENGTH DATA ELEMENTS--GENERAL INFORMATION | |
| fixed length control field | 840413s1985 coua b 001 0 eng d |
| 020 ## - INTERNATIONAL STANDARD BOOK NUMBER | |
| International Standard Book Number | 0865318352 (pbk.) : |
| Terms of availability | 21.50 |
| 035 ## - SYSTEM CONTROL NUMBER | |
| system control number | MITb10221380 |
| 035 ## - SYSTEM CONTROL NUMBER | |
| system control number | (BD-JhCC)5079 |
| 035 ## - SYSTEM CONTROL NUMBER | |
| system control number | GLIS00221380 |
| 040 ## - CATALOGING SOURCE | |
| Original cataloging agency | BD-JhCC |
| Transcribing agency | DLC |
| Modifying agency | BD-JhCC |
| 041 ## - LANGUAGE CODE | |
| Language code of Book | eng |
| 050 0# - LIBRARY OF CONGRESS CALL NUMBER | |
| Classification number | TJ163.25.M6 |
| Item number | M47 1985 |
| 082 ## - DEWEY DECIMAL CLASSIFICATION NUMBER | |
| Author mark and Year | MEX 1985 |
| Classification number | 333.790972 |
| 099 ## - LOCAL FREE-TEXT CALL NUMBER | |
| Classification number | TJ163.25.M6.M47 1985 |
| 245 00 - TITLE STATEMENT | |
| Title | Mexico's energy resources : |
| Remainder of title | toward a policy of diversification / |
| Statement of responsibility, etc | edited by Miguel S. Wionczek and Ragaei El Mallakh. |
| 260 ## - PUBLICATION, DISTRIBUTION, ETC. (IMPRINT) | |
| Place of publication, distribution, etc | Boulder : |
| Name of publisher, distributor, etc | Westview Press, |
| Date of publication, distribution, etc | 1985. |
| 300 ## - PHYSICAL DESCRIPTION | |
| Pagination | x, 176 p. : |
| Other physical details | ill. ; |
| Dimensions | 23 cm. |
| 490 1# - SERIES STATEMENT | |
| Series statement | Westview replica edition |
| 504 ## - BIBLIOGRAPHY, ETC. NOTE | |
| Bibliography, etc | Includes bibliographies and index. |
| 650 #0 - SUBJECT ADDED ENTRY--TOPICAL TERM | |
| Topical term or geographic name as entry element | Power resources |
| Geographic subdivision | Mexico. |
| 650 #0 - SUBJECT ADDED ENTRY--TOPICAL TERM | |
| Topical term or geographic name as entry element | Energy policy |
| Geographic subdivision | Mexico. |
| 700 1# - ADDED ENTRY--PERSONAL NAME | |
| Personal name | Wionczek, Miguel S. |
| 700 1# - ADDED ENTRY--PERSONAL NAME | |
| Personal name | El Mallakh, Ragaei, |
| Dates associated with a name | 1925-1987. |
| 830 #0 - SERIES ADDED ENTRY--UNIFORM TITLE | |
| Uniform title | Westview replica edition. |
| 942 ## - ADDED ENTRY ELEMENTS (KOHA) | |
| Source of classification or shelving scheme | Dewey Decimal Classification |
| Koha item type | Books |
| Source of classification or shelving scheme | Damaged status | Not for loan | Home library | Current library | Shelving location | Date of accession | Total Checkouts | Full call number | Barcode | Date last seen | Copy number | Koha item type |
|---|---|---|---|---|---|---|---|---|---|---|---|---|
| Dewey Decimal Classification | JCC Rouf Library | JCC Rouf Library | General Stacks | 12/07/2017 | 333.790972 MEX 1985 | 7046 | 12/07/2017 | C-1 | Books |